| 000 | 007770000a22001450004500 | ||
|---|---|---|---|
| 090 | _aT O629e | ||
| 100 | 1 | _aOquendo Torres, Hugo Alexander | |
| 245 | 1 | 0 | _aEnfoques hacia la paz: Una perspectiva de los habitantes del barrio La Sierra de la ciudad de Medellín; más una perspectiva desde la óptica evangélica / Hugo Alexander Oquendo Torres, Cristian Camilo Peña Pérez, Gerson Enrique Tocora Aragón |
| 260 | _aMedellín : FUSBC | ||
| 300 | _a92 Pág | ||
| 500 | _aAsesor: Dr. Fernando Abilio Mosquera Brand | ||
| 520 | _a1. Tres acercamientos al concepto de paz. 2. Contrastes entre los conceptos de paz. 3. Análisis exegético al concepto de paz: El shalom y la Eirene. 4. Entrevistas barrio La Sierra. 5. Exégesis de las entrevistas. | ||
| 001 | 14767 | ||
| 942 | _cBK | ||
| 999 |
_c43607 _d43607 |
||